[Event "BCF-chT4S 2324 (4NCL)"]
[Site "England"]
[Date "2023.11.18"]
[Round "1.36"]
[White "Rigby, Charles"]
[Black "Graham, Neil"]
[Result "1-0"]
[WhiteElo "1496"]
[BlackElo "1789"]
[PlyCount "39"]
[EventDate "2024.02.11"]
[EventType "team-swiss"]
[EventRounds "11"]
[EventCountry "ENG"]
[SourceTitle "EXT 2025"]
[Source "ChessBase"]
[SourceDate "2024.10.14"]
[SourceVersion "1"]
[SourceVersionDate "2024.10.14"]
[SourceQuality "1"]
[WhiteTeam "Celtic Tigers III"]
[BlackTeam "Ashfield II"]
[WhiteTeamCountry "ENG"]
[BlackTeamCountry "ENG"]

1. d4 Nf6 2. Bf4 d5 3. e3 Bf5 4. Nd2 e6 5. Ngf3 Bd6 6. Bg3 0-0 7. c3 Nc6 8. Ne5 Bxe5 9. dxe5 Nd7 10. Nf3 Bg4 11. Qc2 Bxf3 12. gxf3 Ncxe5 13. Be2 c6 14. 0-0-0 Qa5 15. Kb1 Rfd8 16. f4 Nc4 17. Bh4 f6 18. Bd3 h6 19. Rhg1 Qb6 20. Bxc4 1-0

[Event "BCF-chT4 2223 (4NCL)"]
[Site "England"]
[Date "2023.05.01"]
[Round "11.144"]
[White "Tomy, Judith"]
[Black "Rigby, Charles"]
[Result "1/2-1/2"]
[WhiteElo "1251"]
[BlackElo "1489"]
[PlyCount "70"]
[EventDate "2022.11.05"]
[EventType "team-swiss"]
[EventRounds "11"]
[EventCountry "ENG"]
[SourceTitle "EXT 2024"]
[Source "ChessBase"]
[SourceDate "2023.10.10"]
[SourceVersion "1"]
[SourceVersionDate "2023.10.10"]
[SourceQuality "1"]
[WhiteTeam "Watford II"]
[BlackTeam "Celtic Tigers III"]
[WhiteTeamCountry "ENG"]
[BlackTeamCountry "ENG"]

1. e4 c6 2. Nf3 d5 3. Nc3 dxe4 4. Nxe4 Nf6 5. Nxf6+ exf6 6. d4 Bd6 7. Be2 0-0 8. 0-0 Re8 9. Re1 Nd7 10. Bd3 Rxe1+ 11. Qxe1 Nf8 12. Qe4 Ng6 13. Bd2 Be6 14. Re1 Qd7 15. Nh4 Qc7 16. g3 Rd8 17. c4 Bf8 18. Bf4 Qa5 19. a3 Rxd4 20. Qxd4 Qxe1+ 21. Kg2 Nxh4+ 22. gxh4 b6 23. Qd8 Bxc4 24. Bd6 Bd5+ 25. f3 Qd2+ 26. Kg3 Qe1+ 27. Kf4 Qxh4+ 28. Ke3 Qe1+ 29. Be2 Qg1+ 30. Kd3 Qb1+ 31. Ke3 Qg1+ 32. Kd2 Qd4+ 33. Ke1 Qg1+ 34. Kd2 Qd4+ 35. Ke1 Qg1+ 1/2-1/2

[Event "BCF-chT4 2223 (4NCL)"]
[Site "England"]
[Date "2023.04.30"]
[Round "10.49"]
[White "Rigby, Charles"]
[Black "Cuthbert, Larissa"]
[Result "1/2-1/2"]
[WhiteElo "1489"]
[BlackElo "1536"]
[PlyCount "45"]
[EventDate "2022.11.05"]
[EventType "team-swiss"]
[EventRounds "11"]
[EventCountry "ENG"]
[SourceTitle "EXT 2024"]
[Source "ChessBase"]
[SourceDate "2023.10.10"]
[SourceVersion "1"]
[SourceVersionDate "2023.10.10"]
[SourceQuality "1"]
[WhiteTeam "Celtic Tigers III"]
[BlackTeam "Wessex Some Stars II"]
[WhiteTeamCountry "ENG"]
[BlackTeamCountry "ENG"]

1. d4 Nf6 2. Bf4 g6 3. Nc3 Bg7 4. e4 d6 5. Qd2 0-0 6. 0-0-0 Nbd7 7. Bc4 c6 8. e5 dxe5 9. dxe5 Nh5 10. e6 fxe6 11. Bxe6+ Kh8 12. Bh6 Nhf6 13. g4 Qb6 14. Bxg7+ Kxg7 15. g5 Nh5 16. Nh3 Ne5 17. Qe2 Qc7 18. Bxc8 Raxc8 19. Rhe1 Nf7 20. Qxe7 Qxh2 21. Qd7 Rcd8 22. Qg4 Qc7 23. Rxd8 1/2-1/2

[Event "BCF-chT4 2223 (4NCL)"]
[Site "England"]
[Date "2023.03.26"]
[Round "9.51"]
[White "Rigby, Charles"]
[Black "Nawalaniec, Leszek"]
[Result "0-1"]
[WhiteElo "1489"]
[BlackElo "1498"]
[PlyCount "73"]
[EventDate "2022.11.05"]
[EventType "team-swiss"]
[EventRounds "11"]
[EventCountry "ENG"]
[SourceTitle "EXT 2024"]
[Source "ChessBase"]
[SourceDate "2023.10.10"]
[SourceVersion "1"]
[SourceVersionDate "2023.10.10"]
[SourceQuality "1"]
[WhiteTeam "Celtic Tigers III"]
[BlackTeam "War and Piece II"]
[WhiteTeamCountry "ENG"]
[BlackTeamCountry "ENG"]

1. d4 Nf6 2. Bf4 c5 3. e3 e6 4. Nf3 d5 5. Nbd2 Nc6 6. c3 cxd4 7. exd4 Bd6 8. Ne5 Qc7 9. Ndf3 Nd7 10. Bb5 0-0 11. Qe2 a6 12. Bd3 Ndxe5 13. dxe5 Bc5 14. Ng5 g6 15. h4 f6 16. h5 Nxe5 17. Bxe5 Qxe5 18. Qxe5 fxe5 19. f3 Be3 20. hxg6 Bxg5 21. gxh7+ Kg7 22. Rh5 Bf6 23. Ke2 e4 24. fxe4 dxe4 25. Bxe4 e5 26. Ke3 Rh8 27. g4 Be7 28. Rg1 Bc5+ 29. Ke2 Bxg1 30. Rxe5 Bxg4+ 31. Kf1 Be3 32. Bd5 Raf8+ 33. Ke1 Re8 34. Rxe8 Rxe8 35. Bg8 Bc1+ 36. Kf2 Bxb2 37. c4 0-1

[Event "BCF-chT4 2223 (4NCL)"]
[Site "England"]
[Date "2022.11.06"]
[Round "2.142"]
[White "Rao, Shree"]
[Black "Rigby, Charles"]
[Result "1/2-1/2"]
[WhiteElo "1581"]
[BlackElo "1489"]
[PlyCount "68"]
[EventDate "2022.11.05"]
[EventType "team-swiss"]
[EventRounds "11"]
[EventCountry "ENG"]
[SourceTitle "EXT 2024"]
[Source "ChessBase"]
[SourceDate "2023.10.10"]
[SourceVersion "1"]
[SourceVersionDate "2023.10.10"]
[SourceQuality "1"]
[WhiteTeam "Crowthorne II"]
[BlackTeam "Celtic Tigers III"]
[WhiteTeamCountry "ENG"]
[BlackTeamCountry "ENG"]

1. c4 c6 2. Nc3 d5 3. d4 Nf6 4. Bf4 e6 5. Nf3 Nbd7 6. e3 Be7 7. cxd5 exd5 8. Bd3 0-0 9. 0-0 Re8 10. Qc2 Nf8 11. Rac1 Bd6 12. Bxd6 Qxd6 13. Rfe1 Bg4 14. Ne5 Bh5 15. Na4 N6d7 16. Nxd7 Qxd7 17. Nc5 Qc7 18. Qb3 Re7 19. Qc2 Nd7 20. Bxh7+ Kf8 21. Nxd7+ Qxd7 22. Bf5 Qd6 23. Qc5 Qf6 24. Bh3 g5 25. g3 Bf3 26. Bg2 g4 27. Bxf3 gxf3 28. e4 Kg7 29. exd5 Rxe1+ 30. Rxe1 Qf5 31. dxc6 Qh3 32. Qg5+ Kf8 33. Qe7+ Kg7 34. Qg5+ Kf8 1/2-1/2